000 00281nam a2200145Ia 4500
100 _aI.T.B
942 _cBK
654 _aGrinding
245 _aGrinding I
260 _bEngg.Industry
_aEngland
_c1974
082 _a621
_bITB
300 _a176
546 _aENGLISH
999 _c27674
_d27674